Guess the Musical Instrument - Statistics

General Stats
  • This quiz has been taken 55 times
  • The average score is 11 of 12
Answer Stats
Picture Answer % Correct
Clarinet
100%
Piano
100%
Flute
98%
Harp
98%
Saxophone
98%
Trumpet
98%
French Horn
96%
Xylophone
92%
Organ
90%
Ukelele
90%
Harmonica
88%
Accordion
84%
No matching quizzes found
Score Distribution
Percent of People with Each Score
Percentile by Number Answered
Your Score History
You have not taken this quiz